00451 2200181 4500001002100000005001500021035002000036245006300056100001500119250002000134300001100154856001400165260003100179082000800210084001400218020002200232600001500254INLIS00000000000056520220816123451 a0010-08220000051 aPanduan anti bullying untuk pendamping siswa /cSudah Dong0 aSudah Dong acetakan pertama a58 hlm aREFERENSI aJakarta :bErlangga,c2021 a500 a500 SUD p a978-623-7478-44-7 4apendidikan